00689 a2200205 4500010001400000020002200014035001300036037001600049082001100065090001500076245007600091260002800167270004000195300003000235700001700265700002500282942002500307999001500332952013600347 aENG-88749 c425.00a851261051 aEN-72282 bDBAD / PUB14a320.01 c9300d93001 aPolitical philosophy/cedited by Thom Brooks [and] J. Jeremy Wisnewski aMeerutbAnu Booksc2003 aShivaji Road,bMeerutk0121-2657362 a280 + vi p.c22 cm. (Hb).1 aBrooks, Thom1 aWisnewski, J. Jeremy adplcENk320.01 /POL c9131d9131 00102ddc40718NFICaDBADbDBADeDBAD/PUBg425.00l0o320.01 POLpEN-72282r2008-09-15 00:00:00t1u10088v425.00w2008-09-15yEN